000 00433cam a2200145ua 4500
003 OSt
005 20260213112508.0
008 260213b |||||||| |||| 00| 0 eng d
041 _aeng
082 _a631.1
_bFOO/AG
245 _aAgricultural engineering in development: Guide lines for rebuilding,replacement parts and assemblies
260 _aUN (Rome) :
_bFood&agriculture organisation ,
_c1992.
300 _a106 ; .
942 _cBK
999 _c6943
_d6943